Statistiche per Riconosci la Squadra di calcio - Quiz n°173

Clicka qui per fare il quiz!

Statistiche generali

  • Questo quiz è stato fatto 6 volte
  • Il punteggio medio è 7 su 10

Statistiche sulle risposte

IndizioRisposta% Corretto
Colori socialiBlu
100%
SimboliUna rondine blu e un drago rosso
100%
Titoli nazionali0
80%
Trofei nazionali1 Coppa d'Inghilterra
1 Community Shield
80%
Trofei internazionali0
60%
Divisione nazionale 2023-2024Seconda
60%
ConfederazioneUEFA
60%
Fondazione1899
40%
Capienza Stadio33 316 posti
40%
SquadraCardiff City
40%

Distribuzione punteggi

Percentile per numero di risposta

Percentuale di utenti per punteggio

I tuoi punteggi nel tempo

Non hai fatto questo quiz